Amaral: todas las canciones de sus álbumes - Estadísticas

Estadísticas generales
  • Esta prueba ha sido intentada 25 veces
  • La puntuación promedio es 41 de 125
Estadísticas de respuestas
Respuesta % Correcto
Marta, Sebas, Guille y los demás
100%
Cómo hablar
83%
Moriría por vos
83%
Sin ti no soy nada
83%
El universo sobre mí
75%
Hacia Lo Salvaje
75%
Toda la noche en la calle
75%
Días de verano
67%
Te necesito
67%
Dragón rojo
58%
Estrella de mar
58%
Gato negro
58%
Kamikaze
58%
Revolución
58%
Tarde de domingo rara
58%
Mares Igual Que Tú
50%
Nocturnal
50%
Resurrección
50%
Salir corriendo
50%
Una pequeña parte del mundo
50%
Ahí Estás
42%
Como Un Martillo En La Pared
42%
Cuando Suba La Marea
42%
Dolce Vita
42%
El día de Año Nuevo
42%
Esta noche
42%
No sabe dónde va
42%
Pájaros
42%
¿Qué será?
42%
Rock and Roll
42%
Rosita
42%
Ruido
42%
1997
33%
Biarritz
33%
Botas de terciopelo
33%
Cabecita loca
33%
Concorde
33%
De la noche a la mañana
33%
Doce palabras
33%
El blues de la generación perdida
33%
El final
33%
Enamorada
33%
En el Centro de un Tornado
33%
En el río
33%
En sólo un segundo
33%
Es sólo una canción
33%
Juguetes Rotos
33%
Laberintos
33%
Lluvia
33%
Mercado negro
33%
Mi alma perdida
33%
No lo Entiendo
33%
No soy como tú
33%
Obertura (Unas Veces Se Gana)
33%
Olvido
33%
Perdóname
33%
Robin Hood
33%
Rosa de la paz
33%
Salta
33%
Siento que te extraño
33%
Subamos al cielo
33%
Tardes
33%
Unas Veces Se Gana y Otras Se Pierde
33%
Viernes Santo
33%
Voy a acabar contigo
33%
500 Vidas
25%
Alerta
25%
Antártida
25%
Cara a cara
25%
Confiar en alguien
25%
El artista del alambre
25%
El centro de mis ojos
25%
En el Tiempo Equivocado
25%
Esta madrugada
25%
Habla
25%
Halconera
25%
Hasta que la Música se Acabe
25%
Hoy Es El Principio Del Final
25%
La barrera del sonido
25%
La Ciudad Maldita
25%
La Niebla
25%
Las chicas de mi barrio
25%
La Suerte
25%
La Unidad del Dolor
25%
Libre
25%
Llévame Muy Lejos
25%
Los aviones no pueden volar
25%
Los Demonios del Fuego
25%
Montaña Rusa
25%
Nada de nada
25%
Nadie Nos Recordará
25%
Nuestro Tiempo
25%
Ondas Do Mar De Vigo
25%
Peces de Colores
25%
Podría Haber Sido Yo
25%
Riazor
25%
Rompehielos
25%
Si Las Calles Pudieran Hablar
25%
Soy lo que soy
25%
Tal y Como Soy
25%
Tambores de la Rebelión
25%
Tarde para cambiar
25%
Un día más
25%
Volverá la suerte
25%
Big Bang
17%
De carne y hueso
17%
Deprisa
17%
Dile a la rabia
17%
El mundo al revés
17%
Eso que te Vuela la Cabeza
17%
Esperando Un Resplandor
17%
No existen los milagros
17%
No sé qué hacer con mi vida
17%
Soledad
17%
Van Como Locos
17%
Las puertas del infierno
8%
Lo Que Nos Mantiene Unidos
8%
Lo quiero oír de tu boca
8%
Noche de Cuchillos
8%
Bien Alta la Mirada
0%
Cazador
0%
Chatarra
0%
Entre la Multitud
0%
Queda el silencio
0%
Señales
0%
No se encontraron pruebas coincidentes
Distribución de puntuación
Porcentaje de gente con cada puntuación
Porcentaje por número respondido
Historial de tus puntuaciones
No has intentado esta prueba.